[Event "GRE-chT 50th"]
[Site "Nikaia"]
[Date "2023.08.30"]
[Round "7.7"]
[White "Soulele, Christina"]
[Black "Chasouraki, Chrysi"]
[Result "0-1"]
[WhiteElo "1017"]
[BlackElo "1515"]
[PlyCount "58"]
[EventDate "2023.08.25"]
[EventType "team"]
[EventRounds "9"]
[EventCountry "GRE"]
[SourceTitle "EXT 2024"]
[Source "ChessBase"]
[SourceDate "2023.10.10"]
[SourceVersion "1"]
[SourceVersionDate "2023.10.10"]
[SourceQuality "1"]
[WhiteTeam "Thessaloniki Aris"]
[BlackTeam "Irakleiou"]
[WhiteTeamCountry "GRE"]
[BlackTeamCountry "GRE"]

1. e4 c5 2. Nf3 e6 3. c3 d5 4. e5 Nc6 5. Bb5 Nge7 6. 0-0 a6 7. Bxc6+ Nxc6 8. d3 Be7 9. Re1 0-0 10. Qa4 d4 11. c4 Bd7 12. Qd1 b5 13. Na3 Qb6 14. b3 Rfe8 15. Ng5 b4 16. Nb1 h6 17. Ne4 Nxe5 18. Bf4 Ng6 19. Bg3 f5 20. Ned2 f4 21. Qg4 fxg3 22. Qxg6 gxf2+ 23. Kxf2 Rf8+ 24. Nf3 Bh4+ 25. g3 Bg5 26. Ke2 Be3 27. Ne5 Qd6 28. Ng4 Be8 29. Nxh6+ Bxh6 0-1

[Event "GRE-chT 50th"]
[Site "Nikaia"]
[Date "2023.08.27"]
[Round "4.7"]
[White "Soulele, Christina"]
[Black "Kolovou, Christina"]
[Result "0-1"]
[WhiteElo "1017"]
[BlackElo "1233"]
[PlyCount "68"]
[EventDate "2023.08.25"]
[EventType "team"]
[EventRounds "9"]
[EventCountry "GRE"]
[SourceTitle "EXT 2024"]
[Source "ChessBase"]
[SourceDate "2023.10.10"]
[SourceVersion "1"]
[SourceVersionDate "2023.10.10"]
[SourceQuality "1"]
[WhiteTeam "Thessaloniki Aris"]
[BlackTeam "Peristeriou PS"]
[WhiteTeamCountry "GRE"]
[BlackTeamCountry "GRE"]

1. e4 c5 2. Nf3 d6 3. Bc4 Nf6 4. d3 g6 5. 0-0 Bg7 6. Re1 0-0 7. c3 Nc6 8. Qe2 Na5 9. Bb5 a6 10. Ba4 b5 11. Bc2 Ng4 12. h3 Ne5 13. Nxe5 Bxe5 14. Bh6 Re8 15. f4 Bh8 16. e5 dxe5 17. fxe5 Nc6 18. Qf3 Qc7 19. Rf1 Be6 20. Bb3 Bxb3 21. axb3 e6 22. Nd2 Nxe5 23. Qf4 Qe7 24. Qg3 Qd7 25. Ne4 Qxd3 26. Qxd3 Nxd3 27. Nf6+ Bxf6 28. Rxf6 Nxb2 29. Rf3 Red8 30. Raf1 Ra7 31. Be3 Rc7 32. Bf4 Rcd7 33. Bg5 Rc8 34. Ra1 Rc6 0-1

[Event "GRE-chT 49th"]
[Site "Thessaloniki"]
[Date "2022.08.13"]
[Round "2"]
[White "Kavakopoulou, Ioulia Anastasia"]
[Black "Soulele, Christina"]
[Result "0-1"]
[WhiteElo "1430"]
[BlackElo "1002"]
[PlyCount "91"]
[EventDate "2022.08.12"]
[EventType "team-swiss"]
[EventRounds "7"]
[EventCountry "GRE"]
[SourceTitle "EXT 2024"]
[Source "ChessBase"]
[SourceDate "2023.10.10"]
[SourceVersion "1"]
[SourceVersionDate "2023.10.10"]
[SourceQuality "1"]
[WhiteTeam "Eso Papafe Chronikon"]
[BlackTeam "Thessaloniki Aris"]
[WhiteTeamCountry "GRE"]
[BlackTeamCountry "GRE"]

1. d4 Nf6 2. Nf3 e6 3. Bg5 c5 4. e3 cxd4 5. exd4 Be7 6. Nbd2 b6 7. Bd3 Bb7 8. Nc4 d6 9. Qe2 Nbd7 10. Bf4 Qc7 11. Nh4 Nd5 12. Qg4 Nxf4 13. Qxf4 g5 14. Nxd6+ Qxd6 15. Qxd6 Bxd6 16. Nf3 g4 17. Ng5 Nf6 18. f3 h6 19. Ne4 Nxe4 20. Bxe4 Bxe4 21. fxe4 Bf4 22. g3 Bg5 23. Rd1 0-0 24. 0-0 h5 25. Kh1 Rfd8 26. e5 Rd7 27. c3 b5 28. a3 a5 29. Ra1 Rda7 30. Rf2 b4 31. Rc2 bxc3 32. bxc3 Rb8 33. a4 Rab7 34. Ra3 Rb1+ 35. Kg2 R8b2 36. Ra2 Rxa2 37. Rxa2 Rc1 38. Ra3 Bd2 39. Kf2 Bxc3 40. Ke3 Bb4 41. Ra2 Rd1 42. Ke4 Bc3 43. d5 Rxd5 44. Kf4 Bxe5+ 45. Ke4 f5+ 46. Ke3 0-1

[Event "GRE-chT 49th"]
[Site "Thessaloniki"]
[Date "2022.08.12"]
[Round "1.3"]
[White "Soulele, Christina"]
[Black "Kalamoukou, Giolanta"]
[Result "0-1"]
[WhiteElo "1002"]
[BlackElo "1365"]
[PlyCount "64"]
[EventDate "2022.08.12"]
[EventType "team-swiss"]
[EventRounds "7"]
[EventCountry "GRE"]
[SourceTitle "CBM 209 Extra"]
[Source "ChessBase"]
[SourceDate "2022.09.30"]
[SourceVersion "1"]
[SourceVersionDate "2022.09.30"]
[SourceQuality "1"]
[WhiteTeam "Thessaloniki Aris"]
[BlackTeam "Kavalas"]
[WhiteTeamCountry "GRE"]
[BlackTeamCountry "GRE"]

1. e4 c5 2. b3 d6 3. Bb2 Nf6 4. Bb5+ Bd7 5. Bxd7+ Nbxd7 6. d3 e6 7. f4 Be7 8. Nf3 0-0 9. c4 d5 10. Qe2 b5 11. 0-0 bxc4 12. bxc4 d4 13. e5 Ne8 14. Nbd2 Rb8 15. Ne4 Nb6 16. Rab1 Nc7 17. Qd2 Qc8 18. Qa5 Qa6 19. Qxa6 Nxa6 20. a3 Rb7 21. Bc1 Rfb8 22. Rb5 Nd7 23. Rxb7 Rxb7 24. Nfd2 Nb6 25. Bb2 Na4 26. Ba1 Nb8 27. g4 Nc6 28. Rc1 g5 29. f5 Nxe5 30. f6 Bd8 31. Nxg5 Bxf6 32. Nge4 Be7 0-1

[Event "GRE-chT2 48th"]
[Site "Thessaloniki"]
[Date "2021.10.09"]
[Round "6.4"]
[White "Soulele, Christina"]
[Black "Tzovani, Dimitra"]
[Result "0-1"]
[WhiteElo "1092"]
[BlackElo "1217"]
[PlyCount "70"]
[EventDate "2021.10.05"]
[EventType "team-swiss"]
[EventRounds "7"]
[EventCountry "GRE"]
[SourceTitle "CBM 204 Extra"]
[Source "ChessBase"]
[SourceDate "2021.11.30"]
[SourceVersion "1"]
[SourceVersionDate "2021.11.30"]
[SourceQuality "1"]
[WhiteTeam "Thessaloniki Aris"]
[BlackTeam "Kalamarias ES"]
[WhiteTeamCountry "GRE"]
[BlackTeamCountry "GRE"]

1. e4 d5 2. exd5 Qxd5 3. Nf3 Nf6 4. d4 Bg4 5. Nc3 Qa5 6. Bd2 Nc6 7. Be2 Qf5 8. Nb5 0-0-0 9. c3 Bxf3 10. gxf3 a6 11. Na3 e5 12. dxe5 Nxe5 13. Nc4 Nd3+ 14. Bxd3 Rxd3 15. Ne3 Qd7 16. Qc2 Bc5 17. 0-0-0 Rd8 18. Nc4 Qd5 19. Be3 Bxe3+ 20. Nxe3 Rxd1+ 21. Rxd1 Qxf3 22. Qf5+ Qxf5 23. Nxf5 Rxd1+ 24. Kxd1 g6 25. Nh6 Kd7 26. Nxf7 Ng4 27. Ng5 Nxf2+ 28. Ke2 Ng4 29. Nxh7 Nxh2 30. Nf6+ Ke6 31. Ne4 b6 32. Nf2 Kf5 33. Ke3 Ng4+ 34. Kf3 Nxf2 35. Kxf2 Kf4 0-1

[Event "GRE-chT2 48th"]
[Site "Thessaloniki"]
[Date "2021.10.08"]
[Round "5.3"]
[White "Mplitsa, Artemis"]
[Black "Soulele, Christina"]
[Result "1-0"]
[WhiteElo "1393"]
[BlackElo "1092"]
[PlyCount "124"]
[EventDate "2021.10.05"]
[EventType "team-swiss"]
[EventRounds "7"]
[EventCountry "GRE"]
[SourceTitle "CBM 204 Extra"]
[Source "ChessBase"]
[SourceDate "2021.11.30"]
[SourceVersion "1"]
[SourceVersionDate "2021.11.30"]
[SourceQuality "1"]
[WhiteTeam "Alexandroupolis Ethnikos"]
[BlackTeam "Thessaloniki Aris"]
[WhiteTeamCountry "GRE"]
[BlackTeamCountry "GRE"]

1. e4 c6 2. d4 d5 3. Nc3 dxe4 4. Nxe4 Bf5 5. Ng3 Bg6 6. h4 h6 7. Nf3 Nd7 8. h5 Bh7 9. Bd3 Bxd3 10. Qxd3 e6 11. Bf4 Ngf6 12. 0-0-0 Nb6 13. Ne4 Nxe4 14. Qxe4 Bd6 15. Ne5 Nd5 16. Bg3 Rf8 17. Qh7 Qg5+ 18. Kb1 Nf6 19. Qd3 0-0-0 20. f4 Qf5 21. Qxf5 exf5 22. Bh4 Be7 23. Rhe1 Rde8 24. Nc4 Kd7 25. Ne5+ Kd8 26. Bxf6 Bxf6 27. Re3 Kc8 28. Rde1 Re7 29. c3 Bxe5 30. dxe5 Re6 31. Kc2 Rg8 32. Rg3 f6 33. Rg6 Re7 34. Kd2 Rd8+ 35. Kc2 fxe5 36. fxe5 Rd5 37. Re3 Kd8 38. c4 Rd4 39. Rd3 Rxd3 40. Kxd3 Rd7+ 41. Ke3 Ke8 42. Rd6 f4+ 43. Kxf4 Rf7+ 44. Kg3 Rf5 45. Rg6 Rxe5 46. Rxg7 Rxh5 47. Rxb7 Ra5 48. a3 Rg5+ 49. Kf2 Rf5+ 50. Kg1 Rc5 51. b3 Ra5 52. a4 Ra6 53. Rh7 c5 54. Rc7 Rb6 55. Rxc5 Rxb3 56. Rc7 Rb4 57. Rxa7 Rxc4 58. a5 Ra4 59. Ra8+ Kf7 60. g3 Ra2 61. a6 Kg6 62. a7 Kg5 1-0

[Event "GRE-chT Online Rapid (Women) 1st"]
[Site "Tornelo INT"]
[Date "2021.02.21"]
[Round "9.3"]
[White "Giannoulaki, Ermofili"]
[Black "Soulele, Christina"]
[Result "1/2-1/2"]
[WhiteElo "1212"]
[BlackElo "1120"]
[PlyCount "88"]
[EventDate "2021.02.20"]
[EventType "team-swiss (rapid)"]
[EventRounds "9"]
[EventCountry "GRE"]
[SourceTitle "EXT 2023"]
[Source "ChessBase"]
[SourceDate "2022.10.05"]
[SourceVersion "1"]
[SourceVersionDate "2022.10.05"]
[SourceQuality "1"]

1. d4 Nf6 2. Nf3 e6 3. e3 d5 4. Bd3 Be7 5. 0-0 0-0 6. b3 Nbd7 7. Bb2 Re8 8. c4 b6 9. Nbd2 Bb7 10. Rc1 Rc8 11. Qe2 c5 12. Rfd1 cxd4 13. exd4 Nf8 14. Ne5 Ng6 15. Nxg6 hxg6 16. Nf3 dxc4 17. bxc4 Nh5 18. Be4 Bxe4 19. Qxe4 Bd6 20. Ne5 Qg5 21. Qg4 Qxg4 22. Nxg4 Bf4 23. Rc2 Red8 24. Bc1 Bc7 25. Ne3 Rd7 26. d5 Nf6 27. dxe6 Rxd1+ 28. Nxd1 fxe6 29. Ne3 Kf7 30. Kf1 Rh8 31. h3 Bd6 32. Ke2 Rc8 33. Bb2 Bc5 34. Kf3 Ke7 35. Ng4 Rf8 36. Ne5 Nd7+ 37. Kg3 Nxe5 38. Bxe5 Rf5 39. Bxg7 Bd6+ 40. Kg4 Rf4+ 41. Kg5 Kf7 42. Rd2 Kxg7 43. Rxd6 Rf5+ 44. Kg4 Rxf2 1/2-1/2

[Event "GRE-chT Online Rapid (Women) 1st"]
[Site "Tornelo INT"]
[Date "2021.02.20"]
[Round "3.2"]
[White "Psofimi, Milia"]
[Black "Soulele, Christina"]
[Result "1-0"]
[WhiteElo "1623"]
[BlackElo "1120"]
[PlyCount "97"]
[EventDate "2021.02.20"]
[EventType "team-swiss (rapid)"]
[EventRounds "9"]
[EventCountry "GRE"]
[SourceTitle "EXT 2023"]
[Source "ChessBase"]
[SourceDate "2022.10.05"]
[SourceVersion "1"]
[SourceVersionDate "2022.10.05"]
[SourceQuality "1"]

1. e4 e5 2. Nf3 Nc6 3. Bb5 a6 4. Ba4 Nf6 5. d3 h6 6. Bxc6 bxc6 7. Nxe5 Qe7 8. Nf3 d5 9. e5 Bg4 10. Qe2 Bxf3 11. gxf3 Nd7 12. d4 c5 13. Be3 cxd4 14. Bxd4 c5 15. Bc3 d4 16. Bd2 Nxe5 17. Kf1 Qe6 18. f4 Nc4 19. Qxe6+ fxe6 20. b3 Nxd2+ 21. Nxd2 Bd6 22. Ne4 Bxf4 23. Nxc5 Kf7 24. Re1 Rhe8 25. Re2 a5 26. Kg2 Bd6 27. Ne4 Rad8 28. Rd1 Bc7 29. Rd3 Rd5 30. Rf3+ Kg8 31. Rd3 Kf7 32. c4 dxc3 33. Rxd5 exd5 34. Nxc3 Rxe2 35. Nxe2 Ke6 36. Nd4+ Ke5 37. Nb5 Bb6 38. Kf3 g5 39. Nc3 Kd4 40. Na4 Bc7 41. h3 Kd3 42. Nc5+ Kc3 43. Na4+ Kd4 44. Ke2 Ke4 45. Nc3+ Ke5 46. Kd3 d4 47. Ne4 Bb6 48. Nd2 h5 49. Nc4+ 1-0

[Event "Thessaloniki/Chalkidiki-chT"]
[Site "Thessaloniki/Chalkidiki"]
[Date "2019.03.24"]
[Round "9.6"]
[White "Soulele, Christina"]
[Black "Palaiochorinou, Agni"]
[Result "0-1"]
[WhiteElo "1052"]
[BlackElo "1148"]
[PlyCount "80"]
[EventDate "2019.01.13"]
[EventType "team-tourn"]
[EventRounds "9"]
[EventCountry "GRE"]
[SourceTitle "EXT 2020"]
[Source "ChessBase"]
[SourceDate "2019.10.17"]
[SourceVersion "1"]
[SourceVersionDate "2019.10.17"]
[SourceQuality "1"]
[WhiteTeam "Thessaloniki Aris"]
[BlackTeam "Polygyrou ASO"]
[WhiteTeamCountry "GRE"]
[BlackTeamCountry "GRE"]

1. e4 e5 2. Nf3 Nc6 3. Bc4 Nf6 4. Nc3 h6 5. 0-0 Bb4 6. d3 d6 7. h3 0-0 8. a3 Bxc3 9. bxc3 a6 10. Bd2 Re8 11. Re1 Nh5 12. Ng5 hxg5 13. Qxh5 Be6 14. Bxe6 Rxe6 15. Bxg5 f6 16. Qg4 Qe7 17. Bd2 Qf7 18. Rab1 b6 19. Re3 Ne7 20. Rf3 Rf8 21. Bh6 f5 22. exf5 Rxh6 23. Ra1 Nxf5 24. Qe4 Qd7 25. Qd5+ Qf7 26. Qe4 Qe6 27. Qb7 Nh4 28. Rxf8+ Kxf8 29. Qb8+ Kf7 30. Qxc7+ Kg8 31. Qd8+ Kh7 32. Qxb6 Nxg2 33. Kf1 Qxh3 34. Ke2 Qg4+ 35. Kd2 Qf4+ 36. Ke2 Qg4+ 37. Kd2 Qg5+ 38. Ke2 Nf4+ 39. Kf3 Rh3+ 40. Ke4 Qg6# 0-1

[Event "Thessaloniki/Chalkidiki-chT"]
[Site "Thessaloniki/Chalkidiki"]
[Date "2019.02.17"]
[Round "5.7"]
[White "Lagogianni, Niki Vasiliki"]
[Black "Soulele, Christina"]
[Result "1/2-1/2"]
[WhiteElo "1114"]
[BlackElo "1052"]
[PlyCount "92"]
[EventDate "2019.01.13"]
[EventType "team-tourn"]
[EventRounds "9"]
[EventCountry "GRE"]
[SourceTitle "EXT 2020"]
[Source "ChessBase"]
[SourceDate "2019.10.17"]
[SourceVersion "1"]
[SourceVersionDate "2019.10.17"]
[SourceQuality "1"]
[WhiteTeam "Galaxias"]
[BlackTeam "Thessaloniki Aris"]
[WhiteTeamCountry "GRE"]
[BlackTeamCountry "GRE"]

1. e4 e5 2. Nf3 Nc6 3. Bb5 Bc5 4. Qe2 Nge7 5. 0-0 0-0 6. c3 d6 7. Rd1 Bg4 8. h3 Bxf3 9. Qxf3 a6 10. Ba4 b5 11. Bc2 Ng6 12. d3 b4 13. Be3 Ba7 14. Bxa7 Rxa7 15. Qe3 Rb7 16. Nd2 bxc3 17. bxc3 Nf4 18. Nf3 Qf6 19. Rab1 Rfb8 20. Rb3 Qg6 21. Nh4 Qg5 22. g3 Nxh3+ 23. Kg2 Qxe3 24. fxe3 Ng5 25. Rdb1 Na5 26. Rxb7 Rxb7 27. Rxb7 Nxb7 28. Nf3 Ne6 29. d4 f6 30. Bb3 Kf7 31. Nh4 c5 32. Nf5 g6 33. Bd5 gxf5 34. exf5 Nbd8 35. Bc4 a5 36. dxc5 dxc5 37. Kf3 Ke7 38. fxe6 Nxe6 39. Kg4 Ng5 40. Bd5 Kd6 41. c4 Ke7 42. Kh4 Kf8 43. Kg4 Nf7 44. Kf5 Ke7 45. Kg4 Nh6+ 46. Kf3 Nf5 1/2-1/2

[Event "Thessaloniki ESSTH HALK-ch U16 11th"]
[Site "Thessaloniki"]
[Date "2018.11.10"]
[Round "3.6"]
[White "Alexandri, Vasiliki"]
[Black "Soulele, Christina"]
[Result "1-0"]
[WhiteElo "1028"]
[BlackElo "1079"]
[PlyCount "123"]
[EventDate "2018.11.03"]
[EventType "swiss"]
[EventRounds "6"]
[EventCountry "GRE"]
[SourceTitle "EXT 2024"]
[Source "ChessBase"]
[SourceDate "2023.10.10"]
[SourceVersion "1"]
[SourceVersionDate "2023.10.10"]
[SourceQuality "1"]

1. d4 d5 2. Nf3 Bf5 3. e3 Nf6 4. c4 c6 5. Nc3 e6 6. Be2 c5 7. 0-0 cxd4 8. Nxd4 dxc4 9. Bxc4 Bd6 10. Nxf5 exf5 11. Nb5 Be7 12. Qxd8+ Bxd8 13. Rd1 0-0 14. Bd5 Nxd5 15. Rxd5 g6 16. h3 Nc6 17. Rd7 b6 18. Rd6 Ne5 19. b3 Be7 20. Rd5 Bf6 21. Bb2 Nf3+ 22. gxf3 Bxb2 23. Rad1 Bf6 24. Rd6 Kg7 25. e4 a6 26. Nc7 Ra7 27. Nd5 Be5 28. Rxb6 Rd8 29. Ne3 Rxd1+ 30. Nxd1 Rd7 31. Ne3 fxe4 32. fxe4 a5 33. Rb5 Bc3 34. Nc4 Rd1+ 35. Kg2 a4 36. bxa4 Rd4 37. Nb6 Rxe4 38. a5 Re7 39. Nd5 Re4 40. Nxc3 Rc4 41. Rb3 Rc5 42. Ra3 Rc7 43. a6 Ra7 44. Nb5 Ra8 45. a7 Kf6 46. Nc7 Rc8 47. a8Q Rxc7 48. Qf3+ Kg7 49. Rc3 Rd7 50. Qc6 Re7 51. Re3 Ra7 52. Qc3+ f6 53. Rf3 Rf7 54. Qc4 Ra7 55. Qe6 f5 56. Qe5+ Kh6 57. Qe3+ g5 58. Qxa7 g4 59. Qb6+ Kh5 60. hxg4+ fxg4 61. Rf5+ Kh4 62. Qh6# 1-0

[Event "EThessaloniki SSTH HALK-ch U16"]
[Site "Thessaloniki"]
[Date "2017.11.19"]
[Round "5.6"]
[White "Soulele, Christina"]
[Black "Draga, Georgia"]
[Result "1-0"]
[WhiteElo "840"]
[BlackElo "1000"]
[PlyCount "107"]
[EventDate "2017.10.01"]
[EventType "swiss"]
[EventRounds "6"]
[EventCountry "GRE"]
[SourceTitle "EXT 2024"]
[Source "ChessBase"]
[SourceDate "2023.10.10"]
[SourceVersion "1"]
[SourceVersionDate "2023.10.10"]
[SourceQuality "1"]

1. e4 e5 2. Nf3 Nc6 3. Bc4 Nge7 4. 0-0 g6 5. d3 Bg7 6. Bg5 0-0 7. Nc3 d6 8. h3 Be6 9. Bxe6 fxe6 10. Qd2 Bf6 11. Bxf6 Rxf6 12. Qe3 Nb4 13. Rac1 a6 14. a3 Nbc6 15. Nh4 Qf8 16. Ne2 Nd8 17. c3 Nf7 18. d4 exd4 19. cxd4 c6 20. e5 Nf5 21. Nxf5 Rxf5 22. exd6 Nxd6 23. Qxe6+ Nf7 24. Ng3 Rd5 25. Rfd1 Rd6 26. Qg4 Nh6 27. Qg5 Nf7 28. Qg4 Rad8 29. Nf5 Re6 30. Nh6+ Nxh6 31. Qxe6+ Nf7 32. Qf6 Rd6 33. Qf4 Re6 34. Re1 Rxe1+ 35. Rxe1 Qg7 36. Qe4 Nd6 37. Qe5 Nc4 38. Qxg7+ Kxg7 39. Re7+ Kh6 40. Rxb7 Kg5 41. Rxh7 Kf5 42. Rc7 Na5 43. b4 Nc4 44. Rxc6 Nxa3 45. Rxa6 Nc2 46. b5 Nxd4 47. b6 Nb5 48. b7 Nc7 49. Ra8 Nxa8 50. bxa8Q Kf6 51. g4 Kg5 52. Qe4 Kh4 53. Kg2 g5 54. Qh7# 1-0